000 00577nam a2200229 4500
001 2034
010 _a9789720721280
021 _aPT
_b546084/25
090 _a2034
100 _a20260114d2025 c||y0pory50030103ba
101 _apor
102 _aPT
200 _aAs emoções pegam-se?
_fSusana Amorim
205 _a1ª edição
210 _aPorto
_cPorto Editora
_d2025
215 _a[24] p.
_cil.
_d27 cm
300 _aBMB-Registado
606 _9863
_aLiteratura Infantil
675 _a087.5
_vBMB
_zpor
700 _aAmorim
_bSusana
_f1976-
_92913
801 _aPT
_bBMB
_gRPC
990 _cLIVROS